Herbology / (Record no. 42421)

MARC details
000 -LEADER
fixed length control field 00817nam a22002177a 4500
005 - DATE AND TIME OF LATEST TRANSACTION
control field 20100818141832.0
010 ## - LCCN (DPL NO)
LC control number ENG-100730
020 ## - INTERNATIONAL STANDARD BOOK NUMBER
Terms of availability 40.00
035 ## - SYSTEM CONTROL NUMBER
System control number EN-84263
037 ## - SOURCE OF ACQUISITION
Source of stock number/acquisition DBAD/PUB
082 ## - DEWEY DECIMAL CLASSIFICATION NUMBER
Classification number 615.321
100 ## - MAIN ENTRY--PERSONAL NAME
Personal name Reddy A.V.G
245 ## - TITLE STATEMENT
Title Herbology /
Remainder of title
Statement of responsibility, etc by A.V.G Reddy [and] V.Sasirekha
260 ## - PUBLICATION, DISTRIBUTION, ETC. (IMPRINT)
Place of publication, distribution, etc Chennai
Name of publisher, distributor, etc Dhanvandri Herbels
Date of publication, distribution, etc 2003
270 ## - ADDRESS
Address 4, Duraisamy Raja Street Arumbakam
City Chennai
Postal code 600106
300 ## - PHYSICAL DESCRIPTION
Extent v.2 (104p)
Dimensions 22cm (pbk)
505 ## - FORMATTED CONTENTS NOTE
Formatted contents note v.2- 980 Herbals and their uses by nature cure, herbal cure and diet cure specialists
700 ## - ADDED ENTRY--PERSONAL NAME
Personal name Sasirekha, V.
9 (RLIN) 3148
942 ## - ADDED ENTRY ELEMENTS (KOHA)
Source of classification or shelving scheme Dewey Decimal Classification
Item type English Books
Classification part 615.321
Call number suffix RED
Holdings
Withdrawn status Lost status Not for loan Collection code Home library Current library Date acquired Source of acquisition Cost, normal purchase price Full call number Barcode Copy number Cost, replacement price Koha item type
    Not For Loan Non-fiction D.B.Act.Division D.B.Act.Division 18/08/2010 DBAD/PUB 40.00 615.321 RED EN-84263 1 40.00 English Books

© Delhi Public Library
Hit Counter
free hit counter